Oh heavenly dog / (Record no. 276701)
[ view plain ]
| 000 -LEADER | |
|---|---|
| fixed length control field | 00433nam a22001570 4500 |
| 001 - CONTROL NUMBER | |
| control field | ocm0590314009 |
| 005 - DATE AND TIME OF LATEST TRANSACTION | |
| control field | 20141104110747.0 |
| 008 - FIXED-LENGTH DATA ELEMENTS--GENERAL INFORMATION | |
| fixed length control field | 980912s1980 |
| 020 ## - INTERNATIONAL STANDARD BOOK NUMBER | |
| International Standard Book Number | 0590314009 |
| 050 ## - LIBRARY OF CONGRESS CALL NUMBER | |
| Classification number | PZ 7 |
| Item number | .C186 1980 |
| 100 1# - MAIN ENTRY--PERSONAL NAME | |
| Personal name | Camp, Joe. |
| 245 10 - TITLE STATEMENT | |
| Title | Oh heavenly dog / |
| Statement of responsibility, etc | Joe Camp. |
| 260 ## - PUBLICATION, DISTRIBUTION, ETC. (IMPRINT) | |
| Place of publication, distribution, etc | New York : |
| Name of publisher, distributor, etc | Scholastic Book Service, |
| Date of publication, distribution, etc | c1980. |
| 300 ## - PHYSICAL DESCRIPTION | |
| Extent | 139 pages : |
| Other physical details | illustrated ; |
| Dimensions | 18 cm. |
| 942 ## - ADDED ENTRY ELEMENTS (KOHA) | |
| Source of classification or shelving scheme | Library of Congress Classification |
| Koha item type | Books |
| Withdrawn status | Lost status | Source of classification or shelving scheme | Damaged status | Home library | Current library | Shelving location | Date acquired | Total Checkouts | Full call number | Barcode | Date last seen | Price effective from | Koha item type |
|---|---|---|---|---|---|---|---|---|---|---|---|---|---|
| Library of Congress Classification | College Library | College Library | Fiction Section | 11/04/2014 | PZ 7 .C186 1980 | C1695 | 05/08/2018 | 11/04/2014 | Books |